| 000 | 00958nam a22002297a 4500 | ||
|---|---|---|---|
| 999 |
_c21931 _d21931 |
||
| 003 | AR-CdUCM | ||
| 008 | 190504b ||||| |||| 00| 0 spa d | ||
| 040 |
_aMUNICIPALIDAD PROVINCIAL DEL CUSCO _cBIBLIOTECA MUNICIPAL DEL CUSCO |
||
| 082 |
_a343/C8 _bC8 |
||
| 245 |
_aCompendio normativo / _ceditor, Carlos Ramos Núñez |
||
| 260 |
_aLima : _bTribunal Constitucional del Perú, _bCentro de Estudios Constitucionales, _c2019. |
||
| 300 |
_a177 páginas. : _c23 cm. |
||
| 505 | _aContenido: Constitución Política del Perú. -- Código procesal constitucional. -- Ley orgánica del Tribunal Constitucional. -- Reglamento Normativo del Tribunal Constitucional. | ||
| 650 |
_aAspectos legales _93379 |
||
| 650 |
_aLegislación _92962 |
||
| 650 |
_aDerecho constitucional _94734 |
||
| 650 |
_aTribunales constitucionales _946903 |
||
| 650 |
_aPerú _946897 |
||
| 700 |
_aRamos Núñez, Carlos Augusto _eeditor _946904 |
||
| 942 |
_2ddc _cLIBROS |
||
| 945 | _ar.a.c | ||